00532nam a2200145Ia 4500008004100000020002200041040002900063050002600092100005100118245003400169260003800203942000700241952012300248999001500371221216s9999||||xx |||||||||||||| ||und|| a978-0-07-059499-9 cChuka University Library aHG 8054.5 b.H37 2004 aHarrington, Scott E., Gregory R. Niehaus92067 0aRisk management and insurance aTata McGraw-HillbNew Delhic2004 cBK 001040708LGLaCHKbCHKcGENd2022-12-16l0oBSL HG 8054.5 .H37 2004p4419/2009r2023-04-22 00:00:00w2022-12-16yBK c2872d2872